| 000 | 00452nam a2200145 a 4500 | ||
|---|---|---|---|
| 001 | 000037853 | ||
| 005 | 20201002031127.0 | ||
| 008 | 130307s2007 pr 000 0 spa d | ||
| 040 |
_aDO-SdBNP _bspa _cBNPHU |
||
| 100 | 1 |
_aFlaubert, Gustave _964302 |
|
| 245 | 1 | 0 |
_aMadame bovary / _cGustave Flaubert. |
| 260 |
_aLima, Perú : _bCorporación Editora Chirre, _c2007. |
||
| 300 |
_a129 p. ; _c21 cm. |
||
| 500 | _aIncluye cuestionario de comprensión de lectura | ||
| 999 |
_c37343 _d37343 |
||